Thermodynamics (Record no. 8344)

000 -LEADER
fixed length control field 00603nam a2200217 i 4500
001 - CONTROL NUMBER
control field 8344
003 - CONTROL NUMBER IDENTIFIER
control field BD-DhUET
008 - FIXED-LENGTH DATA ELEMENTS--GENERAL INFORMATION
fixed length control field 770308s1978 nyua b 001 0 eng
020 ## - INTERNATIONAL STANDARD BOOK NUMBER
International Standard Book Number 0023355301
040 ## - CATALOGING SOURCE
Original cataloging agency DLC
Transcribing agency DLC
Modifying agency BD-DhUET
082 ## - DEWEY DECIMAL CLASSIFICATION NUMBER
Classification number 621.01
Item number FAI/1970
100 ## - MAIN ENTRY--PERSONAL NAME
Personal name Faires, Virgil Moring
245 10 - TITLE STATEMENT
Title Thermodynamics
Statement of responsibility, etc. by Virgil Moring Faires and Clifford Max Simmang
250 ## - EDITION STATEMENT
Edition statement 6th ed.
260 ## - PUBLICATION, DISTRIBUTION, ETC. (IMPRINT)
Place of publication, distribution, etc. New York
Name of publisher, distributor, etc. Macmillan
Date of publication, distribution, etc. 1970
300 ## - PHYSICAL DESCRIPTION
Extent xxiii, 647 p.
Other physical details ill.
Dimensions 26 cm.
504 ## - BIBLIOGRAPHY, ETC. NOTE
Bibliography, etc Includes bibliographies
650 #0 - SUBJECT ADDED ENTRY--TOPICAL TERM
Topical term or geographic name as entry element Thermodynamics
700 ## - ADDED ENTRY--PERSONAL NAME
Personal name Simmang, Clifford Max
942 ## - ADDED ENTRY ELEMENTS (KOHA)
Koha item type General Book
Holdings
Date acquired Copy number Damaged status Price effective from Koha item type Lost status Koha date last seen Location (home branch) Shelving location Sublocation or collection (holding branch) Source of classification or shelving scheme Piece designation (barcode) Not for loan Koha normalized classification for sorting Koha full call number Withdrawn status
2015-01-201 2015-01-20General Book 2015-01-20Central Library, BUETCirculation sectionCentral Library, BUET 42943 621_010000000000000_FAI_1978621.01/FAI/1978 
1985-06-11৬/ক-১ 2024-12-11Rental Item 2024-12-11Central Library, BUETRental sectionCentral Library, BUET 63135 621_010000000000000_FAI_1970621.01 FAI/1970 
1985-06-11৬/ক-২ 2024-12-11Rental Item 2024-12-11Central Library, BUETRental sectionCentral Library, BUET 63136 621_010000000000000_FAI_1970621.01 FAI/1970 
1985-06-11৬/ক-৩ 2024-12-11Rental Item 2024-12-11Central Library, BUETRental sectionCentral Library, BUET 63137 621_010000000000000_FAI_1970621.01 FAI/1970 
1985-06-11৬/ক-৪ 2024-12-11Rental Item 2024-12-11Central Library, BUETRental sectionCentral Library, BUET 63138 621_010000000000000_FAI_1970621.01 FAI/1970 
1985-06-11৬/ক-৫ 2024-12-11Rental Item 2024-12-11Central Library, BUETRental sectionCentral Library, BUET 63139 621_010000000000000_FAI_1970621.01 FAI/1970 
1985-06-11৬/ক-৬ 2024-12-11Rental Item 2024-12-11Central Library, BUETRental sectionCentral Library, BUET 63140 621_010000000000000_FAI_1970621.01 FAI/1970 
1985-06-11৬/ক-৭ 2024-12-11Rental Item 2024-12-11Central Library, BUETRental sectionCentral Library, BUET 63141 621_010000000000000_FAI_1970621.01 FAI/1970 
1985-06-11৬/ক-৮ 2024-12-11Rental Item 2024-12-11Central Library, BUETRental sectionCentral Library, BUET 63142 621_010000000000000_FAI_1970621.01 FAI/1970 
1985-06-11৬/ক-৯ 2024-12-11Rental Item 2024-12-11Central Library, BUETRental sectionCentral Library, BUET 63143 621_010000000000000_FAI_1970621.01 FAI/1970 
1985-06-11৬/ক-১০ 2024-12-11Rental Item 2024-12-11Central Library, BUETRental sectionCentral Library, BUET 63144 621_010000000000000_FAI_1970621.01 FAI/1970 
1985-06-11৬/ক-১১ 2024-12-11Rental Item 2024-12-11Central Library, BUETRental sectionCentral Library, BUET 63145 621_010000000000000_FAI_1970621.01 FAI/1970 
1985-06-11৬/ক-১২ 2024-12-11Rental Item 2024-12-11Central Library, BUETRental sectionCentral Library, BUET 63146 621_010000000000000_FAI_1970621.01 FAI/1970 
1985-06-11৬/ক-১৩ 2024-12-11Rental Item 2024-12-11Central Library, BUETRental sectionCentral Library, BUET 63147 621_010000000000000_FAI_1970621.01 FAI/1970 
1985-06-11৬/ক-১৪ 2024-12-11Rental Item 2024-12-11Central Library, BUETRental sectionCentral Library, BUET 63148 621_010000000000000_FAI_1970621.01 FAI/1970 
1985-06-11৬/ক-১৫ 2024-12-11Rental Item 2024-12-11Central Library, BUETRental sectionCentral Library, BUET 63149 621_010000000000000_FAI_1970621.01 FAI/1970 
1985-06-11৬/ক-১৬ 2024-12-11Rental Item 2024-12-11Central Library, BUETRental sectionCentral Library, BUET 63150 621_010000000000000_FAI_1970621.01 FAI/1970 
1985-06-11৬/ক-১৭ 2024-12-11Rental Item 2024-12-11Central Library, BUETRental sectionCentral Library, BUET 63151 621_010000000000000_FAI_1970621.01 FAI/1970 
1985-06-11৬/ক-১৮ 2024-12-11Rental Item 2024-12-11Central Library, BUETRental sectionCentral Library, BUET 63152 621_010000000000000_FAI_1970621.01 FAI/1970 
1985-06-11৬/ক-১৯ 2024-12-11Rental Item 2024-12-11Central Library, BUETRental sectionCentral Library, BUET 63153 621_010000000000000_FAI_1970621.01 FAI/1970 
1985-06-11৬/ক-২০ 2024-12-11Rental Item 2024-12-11Central Library, BUETRental sectionCentral Library, BUET 63154 621_010000000000000_FAI_1970621.01 FAI/1970